| 000 | 00999nam a22002177a 4500 | ||
|---|---|---|---|
| 003 | OSt | ||
| 005 | 20250225163250.0 | ||
| 008 | 230926b ||||| |||| 00| 0 eng d | ||
| 040 | _c0 | ||
| 082 | _aDPer 379.1 J826 Winter - Spring 2020 v. 45 n. 3-4 | ||
| 100 |
_aKrsmanovic, Masha. _eauthor. _949344 |
||
| 245 |
_aResident, non-resident, and "the other" : _bexamining institutional and state policies for international student residency classification for tuition purposes and the associated cost of fees / _cMasha Krsmanovic and Lou L. Sabina. |
||
| 260 |
_aUnited States ; _bUniversity of Illinois Press and Johns Hopkins University Press, _cSpring 2020. |
||
| 300 |
_avolume 45, pages 528-547, _billustration. |
||
| 500 | _aJournal of Education Finance, v. 45 n. 4, pages 528-547, Spring 2020. | ||
| 650 | 0 |
_aStudents. _919468 |
|
| 650 |
_aEducation — Finance. _949342 |
||
| 700 |
_aKrsmanovic, Masha. _eauthor. _949344 |
||
| 700 |
_aSabina, Lou L. _eauthor. _949345 |
||
| 942 |
_2ddc _cPER |
||
| 999 |
_c18269 _d18269 |
||